La Biblioteca del Ateneo de Madrid / (Record no. 190374)
[ view plain ]
| 000 -LEADER | |
|---|---|
| campo de control de longitud fija | 00800nab a2200205 i 4500 |
| 001 - NÚMERO DE CONTROL | |
| campo de control | 190374 |
| 003 - IDENTIFICADOR DE NÚMERO DE CONTROL | |
| campo de control | ES-MaACL |
| 005 - FECHA Y HORA DE LA ÚLTIMA TRANSACCIÓN | |
| campo de control | 20250903230225.0 |
| 008 - DATOS DE LONGITUD FIJA--INFORMACIÓN GENERAL | |
| campo de control de longitud fija | 210119s2014 sp 000 0 spa d |
| 040 ## - FUENTE DE CATALOGACIÓN | |
| Centro/agencia transcriptor | ES-MaACL |
| 100 1# - ENTRADA PRINCIPAL--NOMBRE DE PERSONA | |
| Nombre de persona | Lleonart Amsélem, Alberto J. |
| Término indicativo de función/relación | Autor |
| 9 (RLIN) | 72763 |
| 245 13 - MENCIÓN DEL TÍTULO | |
| Título | La Biblioteca del Ateneo de Madrid / |
| Mención de responsabilidad, etc. | Alberto J. Lleonart Amsélem |
| 610 24 - PUNTO DE ACCESO ADICIONAL DE MATERIA--NOMBRE DE ENTIDAD CORPORATIVA | |
| Nombre de entidad corporativa o nombre de jurisdicción como elemento de entrada | Ateneo de Madrid. |
| Unidad subordinada | Biblioteca |
| 9 (RLIN) | 1951 |
| 610 24 - PUNTO DE ACCESO ADICIONAL DE MATERIA--NOMBRE DE ENTIDAD CORPORATIVA | |
| Nombre de entidad corporativa o nombre de jurisdicción como elemento de entrada | Ateneo de Madrid- |
| Subdivisión de forma | Obras digitalizadas |
| 9 (RLIN) | 1930 |
| 655 #4 - TERMINO DE INDIZACIÓN--GENERO/FORMA | |
| Datos o término principal de género/forma | Artículos |
| 9 (RLIN) | 175745 |
| 710 2# - ENTRADA AGREGADA--NOMBRE DE ENTIDAD CORPORATIVA | |
| Nombre de entidad corporativa o nombre de jurisdicción como elemento de entrada | Agrupación Ateneísta de Aire Libre |
| Término indicativo de función/relación | Editor |
| 9 (RLIN) | 1274 |
| 773 0# - ASIENTO DE ITEM FUENTE | |
| Título | Boletín de la Sociedad Ateneísta de Aire Libre, |
| Lugar, editor y fecha de publicación | Madrid : Sociedad Ateneísta de Aire Libre, 2014, |
| Número Internacional Normalizado para Publicaciones Seriadas | ISSN 1132-8045 |
| Parte(s) relacionada(s) | 2014, n. 46, p. 35 |
| Número bibliográfico anfitrión | 2830 |
| Número de ítem anfitrión | 2930 |
| Número de control del registro | 2830 |
| 942 ## - ELEMENTOS DE ENTRADA SECUNDARIOS (KOHA) | |
| Fuente del sistema de clasificación o colocación | Clasificación decimal universal |
| Tipo de ítem Koha | Artículo de revista |
| Suprimir en OPAC | No |
No items available.
